000 01163nam a22002417a 4500
005 20110913152830.0
008 110913t xxu||||| |||| 00| 0 mar d
010 _aMAR-21448
020 _c130.00
_a9788184980202
035 _aMR-14106
037 _bDBAD/PUB
040 _aDPL
_bMR
082 _a823
100 _934729
_aचंद्ररत्ना,बंडुला
245 _aमिराज /
_cबंडुला चंद्ररत्ना ; सुनंदा अमरापूरकर द्वारा अनुवादित
246 _aMirage
_bby Chandraatana bandula
260 _aपुणे
_bमेहता पब्लिशिग हाऊस
_c2009
270 _bपुणे
_a1941,सदाशिव पेठ,माडीवाले कॉलनी
_e411030
300 _a160पृ.
_c22सेमी(अजिल्द)
700 _aअमरापूरकर,सुनंदा
_935554
942 _2ddc
_cMR
_mचंद्रर
_h823
999 _c57738
_d57738